000 00488nam a2200145 a 4500
001 000039974
005 20201002033836.0
008 130801s1977 mx a 000 0 spa d
040 _aDO-SdBNP
_bspa
_cBNPHU
100 1 _aMurray, Jerome T.
_966195
240 1 0 _aSystems analysis and design : in an IBM environment
_lEspañol
245 1 0 _aAnálisis y diseño de sistemas en instalaciones IBM /
_cJerome T. Murray.
260 _aMéxico :
_bLimusa,
_c1977.
300 _a308 p. :
_bils. ;
_c25 cm.
999 _c39464
_d39464